Riziká internetového predaja cestovnej kancelárie

Elektronický obchod v cestovnom ruchu. Internetový predaj cestovnej kancelárie. Riziká spojené s aplikáciou internetového predaja v cestovnej kancelárii. Voľba vhodného obchodného modelu na internete. Riziká z pohľadu zákazníka. Kritické momenty, ktoré môžu ovplyvniť nákup zájazdu.

Na minha lista:
Detalhes bibliográficos
Autor principal: Vačková, Andrea
Formato: Capítulo de Livro
Idioma:eslovaco
Assuntos:
Tags: Adicionar Tag
Sem tags, seja o primeiro a adicionar uma tag!

MARC

LEADER 00000nla$a2200000$$$4500
001 0102200
005 20240502072118.9
041 0 |a slo 
044 |a SK 
245 1 0 |a Riziká internetového predaja cestovnej kancelárie  |c Andrea Vačková 
520 |a Elektronický obchod v cestovnom ruchu. Internetový predaj cestovnej kancelárie. Riziká spojené s aplikáciou internetového predaja v cestovnej kancelárii. Voľba vhodného obchodného modelu na internete. Riziká z pohľadu zákazníka. Kritické momenty, ktoré môžu ovplyvniť nákup zájazdu. 
610 2 0 |a ruch cestovný 
610 2 0 |a obchod elektronický 
610 2 0 |a internet 
610 2 0 |a kancelárie cestovné 
610 2 0 |a zákazníci 
610 2 0 |a riziko 
100 1 |a Vačková, Andrea